Pays les moins riches d'Europe - Statistiques

Statistiques générales
  • Ce quiz a été pris 323 fois
  • Le résultat moyen est 12 sur 15
Statistiques - réponses
PPA par habitant Pays % Correct
14 514,96 $ Serbie
91%
23 027,29 $ Roumanie
90%
19 242,62 $ Bulgarie
89%
10 063,76 $ Kosovo
87%
8 269,61 $ Ukraine
87%
11 540,03 $ Albanie
85%
12 172,07 $ Bosnie-Herzégovine
85%
17 633,13 $ Monténégro
85%
23 422,42 $ Croatie
84%
5 332,29 $ Moldavie
84%
18 066,30 $ Biélorussie
83%
14 942,20 $ Macedoine
83%
10 004,53 $ Géorgie
54%
8 832,76 $ Arménie
51%
17 256,63 $ Azerbaidjan
39%
Aucun quiz correspondant
Distribution des résultats
% des personnes avec chaque résultat
Percentile par nombre de réponses
Votre historique - résultats
Vous n’avez pas pris ce quiz